02022nam a2200421 i 4500001001000000003001000010005001700020007000300037008004100040020001500081040004800096041001300144082002100157100003700178240002900215245012800244250002200372264004700394264001200441300002700453336002700480337003300507338002800540490002800568500002100596505060000617563001401217650004001231650002401271653002901295653002701324653003101351700003901382942000701421945002801428952012701456999001701583768714001CO-MdFUSB20260417150019.0ta240917t19922001sp ||||| |||| 00| 0 spa d a8430111786 bspa.aCO-MdFUSBcCO-MdFUSBdCO-MdFUSBCerda aspaheng 223a230.09bM729 aMoltmann, Jürgend1926-eautor aWas ist heute Theologie?1 a¿Que es teología hoy : bdos contribuciones para su actualizaciónc/ Jürgen Moltmann ; traducido por Adolfo Olivera aSegunda edición 1aSalamanca, España : bSígueme,c[2001] 4c©1992  a139 páginasc; 18 cm 2rdacontentatextobtxt 2rdamediaasin mediaciónbn 2rdacarrieravolumenbnc aVerdad e imagen minor,  aIncluye índice aEl camino de la teología en el siglo XX. -- La herencia del siglo XIX. -- La marcha de la teología en el siglo XX. -- En busca de la relevancia secular. -- En busca de la identidad cristiana. -- La teología en la «era ecuménica». -- Las mediaciones modernas de la teología. -- La teología existencial: Rudolf Bultmann y el problema de la historia. -- La teología trascendental: Karl Rahner y el problema del antropoccentrismo. -- La teología de la cultura: Paul Tillich y la interpretación religiosa del mundo secular. -- La teología política y la modernidad incompleta.  aRústica 7aTeología dogmática2embne96937 7aHermenéutica9418 aTeología — Siglo XX  aTeología dogmática aTeología contemporánea aOlivera, Adolfo.910705etraductor cBK aCatherine Arias Alvarez 00102ddc3040708GENaFUSBCbFUSBCd2024-09-16l0oG 230.09 M729qp25014r2024-09-17 00:00:00tEj. 1w2024-09-17yBKk2 c70944d70944